000 00659nam a2200217 a 4500
003 PILC
005 20160215103823.0
008 091125s19uu xx 00 eng d
020 _a9781433803505
050 _aBF 76.4
_b.B535 2008
100 _aBersoff, Donald N.
245 _aEthical conflicts in Psychology. /
_cDonald N. Bersoff.
250 _a4th edition.
260 _aWashington DC :
_bAmerican Psychological association,
_c2008.
300 _a608 pages ;
_c31 cm.
500 _aIncludes index.
650 _aPsychology
_xMoral and ethical aspects.
650 _aPsychologists
_xProfessional ethics.
942 _cBK
_2lcc
_kFOR
999 _c23740
_d23740